Statistiques concernant Joueurs TM#2 (trackmania)

Cliquez ici pour prendre le quiz!

Statistiques générales

  • Ce quiz a été pris 225 fois
  • Le résultat moyen est 47 sur 150

Statistiques - réponses

HintRéponse% Correct
Tri(vi)al pourBren
84%
Vainqueur TMGL saison betaKappa
73%
Team PAXBadlulu / Scrapie / Cocow
71%
"50/50 podium premier LAN c'est vraiment bon"CarlJr
69%
Le joueur glaceMicka
66%
BlindfoldWirtual
63%
Plus grand nombre de victoires en COTDGranaDy
60%
Joueurs promus en TMGL Winter 2021link / Mudda
60%
A caché puis dévoilé un cut en finale ZRTAurel
59%
WR à la sourisGwen
59%
Premier à atteindre le statut de finaliste en finale ZRT Cup 2019Bren
58%
eSubaKappa / tween / hakkiJr / kubayz
58%
Dieu vivant sur UsinaturechicaneCarlJr
57%
4 fois vainqueur de la GA FullspeedKiD
56%
Joueur précisiontrabadia
55%
OmarsoftyB
53%
Plus grand nombre de WRs (Campagne TMNF)Hefest
52%
Mate de matt à la ZRT Cup 2019ReVoLuTioN
52%
StorytellingWirtual
52%
Forza Uganda top 16 OGLOtaaaq
49%
MadagascarPapou
49%
Plus grand nombre de victoires en TTCSpam
48%
"Tu fais pas la différence entre du mapping A&C et du mapping mixed?"CiremyxX
47%
Ont perdu leur 1v1 pour monter en TMGLSoulja / GranaDy
47%
Créateur TMSchoolAqlx
46%
Vainqueur Maniaplanet World Cup 2016Pac
46%
Kick de chez GameWardAyako
44%
2ème German Trackmania Cup 2021DexteR
44%
"Risk it for the biscuit"riolu / Spam
44%
La résolution la plus étirée du jeuhugo220
42%
Smurf de WirtualMufat
42%
Premier joueur à atteindre le Master en matchmakingScrapie
42%
Pulse/exaltyAffi / Vulnerra
41%
Joueur lituanien en TMGLB1ts
41%
Double faceplant poteau en TMGLBren / Pac
41%
Joueurs Tsun au combine Winter 2021Jean-René / Utaa
41%
A perdu un 1v1 0-7 contre Pac sur TM2020KarjeN
41%
N'a jamais atteint les playoffs TMGL en 4 participationsMassa
41%
Joueurs dirt chez VentureFire / Cocho
40%
Vainqueur speedrun découverte campagne Fall 2020Yannex
40%
Ont atteint pour la première fois une 1/2 finale ZRT lors de la ZRT Cup 2020Yannex / Xerar
40%
Mappeur inconnu devenu mappeur TMGLPopouette
38%
Joueurs corsesSebi / Siqaa / Tourist
38%
Un an pour devenir PRO sur TrackmaniaAscuns
37%
Skinner top 17 CDF 2021collor
37%
1er d'un round qui n'a aucun sens (GA 2021 online)Feed
37%
TRF/CDF/GTCHekta
37%
Fondateur de HuntmaniaNMD / Eirik Holdal
37%
TonyBarker7ven
36%
WR sur E05 TMNFDemon
36%
2ème plus gros gains cumulés (tous jeux TM confondus)frostBeule
36%
Vainqueur TM Formula League Saison 2Patrose
36%
Élu vidéomaker de l'année à plusieurs reprisesShortz
36%
"Imagine Jaja en blanc"Yannex
36%
???/insects/WanteDDark
35%
Ancien pseudo d'OmnipotZEpiK
35%
Vainqueurs d'une Solary Cup TM2020Affi / Gwen
34%
L'unique joueur à ne pas être allé sur scène après s'être qualifié en 1/2 ZRTBossWanted
34%
Joueurs autrichiens chez 4WheelsPokeR / asserich
34%
"Et maintenant c'est lui qu'on regarde"Bren
33%
A été caster de Kappa et tween en TMGLGGeek
33%
Vainqueur de la campagne Winter 2021racehans
33%
Joueur danois en TMGLDunste
32%
Créateur d'HockoliciousHock
32%
cm/nLt/ReflexWosile
32%
Rêve facileBinks / Cocow
31%
Créateur Campagnes IceFlink
31%
THC/Q/Devils OneMarciN / evoN
31%
4ème From Zero To Hero soloNovis
31%
Vainqueur Security TrophyNRGZ
31%
Joueur français chez SampiKronos
30%
4ème allemand en terme d'earningsriolu
30%
Mappeur de l'année 2020Keissla
29%
"I have what it takes to be a world champion"Mudda
29%
Repêchés en finale TMGL saison betaPac / Bren
29%
Ban 5 ans de la Trackmania Pro LeagueRingoa
29%
Ancien pseudo de SamEzpowa
28%
Mate de Haëdra ZRT Cup 2019Jaja
28%
4ème Gamers Assembly 2021 onlineRatchet
28%
Détenteur WR actuel sur l'arène des neigesTjalic
28%
Fils de ton oncleCousin
27%
Joueur hongrois au combineEger
27%
Embellit les maps TM2020htimh
27%
A participé à la confection des skins officiels de TM2020Peiks
27%
What does it feel like to achieve perfection in Trackmania?Rollin
27%
La girafeSimply Nick
27%
Utilisaient un cheat selon MilmyComplex / Novis / keNz
26%
"Toi, t’es level 40, je veux que tu sois niveau 112"Hylis
26%
Vainqueur World Cyber Games 2009KarjeN
26%
1/4 ZRT Cup 2020 au campingWorker
26%
Vainqueur GameWard Cup #3Carl
25%
Joueur en rapport avec l'EquateurEner
25%
Manager E-CorpmAss
25%
Organisateurs Yahtzee cupTanKRom / Tricky
25%
Mate d'Affi à la GameWard Cup #1Vulnerra
25%
Vainqueur ESWC 2007XeNoGear
25%
Amélie CastelnéracAlinoa
24%
Weeb suédoiskeby
24%
A mappé AuchanNida
24%
Organisateur shitfestTaxon
24%
3ème Mister Auto CupThomas Jean
24%
Créateurs Proxiz EsportC0unt / Jonat
23%
4ème OGL Saison Winter 2021MiQuatro
23%
Hot Tub streamScrapie
22%
Joueur luxembourgeois en 1/4 ZRTSteph
22%
Mate de link à la GameWard Cup #2Binks
21%
Vainqueur du tournoi amateur de la Lyon eSportCap
21%
Vainqueur Pittsburgh Knights All Rounder CircuitShockeur
21%
TwitlongerSilver
21%
A choke la victoire en KCup (Kameto Cup)Aurel
20%
Top 5-6 Lyon EsportMathiCs / Cocow
20%
Top 1 solo ladder TMUTechno
20%
Portugais chez dignitasMoriah / DVD
19%
Joueurs tech russesNeuro / Shibala
19%
Commentateur du run cut d'Aurel sur PélitenceAlfadream
18%
aAa/eXes/ctyCap
18%
Énergies cristallinesCarl
18%
Bans gratuits sur twitchDarker
18%
A découvert les incohérences des tricks 2 roues sur TM2020erizel
18%
Ont joué pour expert orange et expert blackserbi / Royal
18%
Le joueur que Lando Norris voulait absolument battre sur Summer 2020 - 02SRK
18%
SaW/402/eXesTirli
18%
Organisateur de la TM Formula League/DDEBoss Bravo
17%
cm/Pandaria/ctyMimoJr
17%
Joueur Euronics non-allemandTamarillo
17%
Caster anglais de chez dignitasr2k
16%
Ont joué chez acer et dignitasSabre / nugget
16%
Mate de GranaDy à la GameWard Cup #1Dionysos
15%
ManiabestHylis
15%
Éternue et devient Robocopmatt
15%
"Quel animal"Nekrua
15%
Smurf de Massa World CupPeti
15%
3ème seeding CDF 2021 mais n'a pas joué la cupAzion
14%
beGenius/Lambda KappaCobrask
14%
Dernier vainqueur de la TTClink
14%
Joueur ayant accumulé le moins de points lors d'une saison TMGL (8 points)zBurst
14%
A embrouillé Hylis à la GADidou
13%
Salade rustique très rafraîchissanteRoquete
12%
Influenceur tchèqueTortugo
12%
Vainqueur Suit Cup #1Loudis
11%
A sauvé KarjeN en TTC en se prenant le finishSchumi
11%
World Record History of A01 RaceDarkLink
10%
A ragequit les TTC car les admins jouaient la cupfrostBeule
10%
Vainqueur Trackmania Climate Fundraisermime
10%
Vainqueur SantaCow CupPanda
10%
A gagné 45€ dans une cup sans même s'être qualifiéMagoriaN
9%
Tant pisnevermind
7%
Vainqueur 3DMAX Dirt SupremacySPEED U NEED
7%
Joueur BX3 qui utilisait un cheatXerkoo
6%
1m91 95kgShaN
5%

Distribution des résultats

Percentile par nombre de réponses

% des personnes avec chaque résultat

Votre développement - résultats

Vous n’avez pas pris ce quiz